Idiomas

Uloženo v:
Podrobná bibliografie
Hlavní autor: Zapata, Claudia (Autor)
Médium: Kniha
Jazyk:španělština
Vydáno: Santiago Defensores del Bosque Chileno 1999
Edice:Colección Bosqueduca. Serie Guías Docentes
Témata:
Tagy: Přidat tag
Žádné tagy, Buďte první, kdo vytvoří štítek k tomuto záznamu!

MARC

LEADER 00000nam a2200000 a 4500
001 UCP6168
003 CL-VaPUC
008 991015e19990000CL |||||||||||||||||spa|d
082 0 4 |a 372.357  |b ZAP  |2 21 
100 0 |a Zapata, Claudia  |e author  |9 435064 
245 1 0 |a Idiomas 
300 |a 17 p 
942 |c BK 
945 |d 19991015 00:00:00  |a rbrito 
260 |a Santiago  |b Defensores del Bosque Chileno  |c 1999 
650 0 |a Enseñanza de idiomas  |9 339820 
650 0 |a Medio ambiente  |9 257625 
650 0 |a Educación ambiental  |9 262920 
650 0 |a Educación básica   |9 224933 
583 |a last modification  |c 19991015 00:00:00  |k Rodrigo Vera 
490 0 |a Colección Bosqueduca. Serie Guías Docentes 
999 |c 283780  |d 283778